000 00432nam a2200181Ia 4500
003 OSt
005 20230517142819.0
008 210210b1938 xxu||||| |||| 00| 0 eng d
040 _cAL
041 _aFrench
082 _a444/392
100 _aABOUT (E)
_9106860
245 _aLe roi des montagnes: senior
260 _aLondon
_bOxford University Press
_c1938
690 _aFrench
_9106861
906 _a006587
942 _2ddc
_cBK
999 _c129576
_d129576